| 000 | 00000nam##2200000za#4500 |
| 001 | 9.587634 |
| 003 | CaOODSP |
| 005 | 20210624194728 |
| 007 | cr ||||||||||| |
| 008 | 150406|2008||||xxc|||||o f|0| 0 fre|d |
| 022 | |a1701-1280 |
| 040 | |aCaOODSP|bfre |
| 041 | |aeng |
| 041 | |afre |
| 043 | |an-cn--- |
| 086 | 1 |aFs70-4/2008-015-PDF |
| 110 | 1 |aCanada. |bMinistère des pêches et des océans. |
| 245 | 10|aRéunion du Processus de consultation scientifique zonal (PCSZ) de Terre et du Labrador/Centre et de l'Arctique sur la crevette nordique / |h[ressource électronique]|cPrésident de réunion, Dr. Noel Cadigan. |
| 260 | |aOttawa - Ontario : |bPêches et Océans Canada |cJanvier 2010. |
| 300 | |a30p.|bréférences, tableaux |
| 490 | 1 |aSecrétariat canadien de consultation scientifique, série des comptes rendus|x1701-1280|v2008/015 |
| 500 | |a«Du 6 au 8 mars 2008». |
| 546 | |aEn anglais avec avant-propos, sommaire et annexe bilingues. |
| 590 | |a11-31-Supp|b2011-12-13 |
| 791 | |tMeeting of the Newfoundland and Labrador/Central and Arctic zonal advisory process (ZAP) on Northern shrimp / |eeng|w(CaOODSP)9.587633 |
| 830 | #0|aCompte rendu (Secrétariat canadien de consultation scientifique)|x1701-1280|v2008/015|w(CaOODSP)9.500508 |
| 856 | 40|ahttp://publications.gc.ca|qPDF|s135 Ko|uhttps://publications.gc.ca/collections/collection_2011/mpo-dfo/Fs70-4-2008-015.pdf|y2008/015 |